Riconosci lo Stadio - Europa - Quiz n°9 - Statistics

Statistiche generali
  • Questo quiz è stato fatto 18 volte
  • Il punteggio medio è 3 su 10
Statistiche sulle risposte
con Immagini Risposta % Corretto
Allianz Stadium - Torino
88%
Stade de France - Saint-Denis
69%
City of Manchester Stadium - Manchester
25%
Red Bull Arena - Lipsia
25%
Stadio do Dragão - Porto
25%
Stadio de la Cartuja - Siviglia
13%
Stadio Rajko Mitić - Belgrado
13%
Stadio Agia Sophia - Atene
6%
Ludogorec Arena - Razgrad
0%
Stadio municipale - Poznan
0%
Nessun quiz corrispondente trovato
Distribuzione punteggi
Percentuale di utenti per punteggio
Percentile per numero di risposta
I tuoi punteggi nel tempo
Non hai fatto questo quiz